Labor issues in infrastructure reform: a toolkit (module 1- 7) (Record no. 31793)

MARC details
000 -LEADER
fixed length control field 00671nam a2200157Ia 4500
020 ## - INTERNATIONAL STANDARD BOOK NUMBER
ISBN 9780821354704
050 ## - CALL MARK
Classification number HD 3850 .L33/
245 #0 - TITLE STATEMENT
Title Labor issues in infrastructure reform: a toolkit (module 1- 7)
260 ## - PUBLICATION, DISTRIBUTION, ETC. (IMPRINT)
Place of publication Washington, D.C.
260 ## - PUBLICATION, DISTRIBUTION, ETC. (IMPRINT)
Name of publisher The World Bank
260 ## - PUBLICATION, DISTRIBUTION, ETC. (IMPRINT)
Year of publication 2004
650 ## - SUBJECT ADDED ENTRY--TOPICAL TERM
Topical Term Public works--Management--Handbooks, manuals, etc. Public contracts--Handbooks, manuals, etc. Labor contract--Handbooks, manuals, etc. Public works--Personnel management. Public works--Employees. Public works--Cost effectiveness. Contracting out. Infrastructure (Economics)
942 ## - ADDED ENTRY ELEMENTS (KOHA)
Koha item type Books
Holdings
Withdrawn status Lost status Source of classification or shelving scheme Damaged status Not for loan Permanent Location Current Location Date acquired Accession Number Price effective from Koha item type
    Library of Congress Classification     NILE UNIVERSITY OF NIGERIA - MAIN LIBRARY NILE UNIVERSITY OF NIGERIA - MAIN LIBRARY 04/23/2025 0194568 04/23/2025 Books